Đặc điểm ngôn ngữ văn bản một số luật kinh tế tiếng Hán và ứng dụng trong dịch sang Tiếng Việt.

Na minha lista:
Detalhes bibliográficos
Autor principal: Trương Thị Na
Formato: online
Publicado em: 2014
Tags: Adicionar Tag
Sem tags, seja o primeiro a adicionar uma tag!
Thư viện lưu trữ: Mạng thư viện Đại học Đà Nẵng
LEADER 00808na a2200217 4500
001 000032629
003 8742
005 20151002110547.0
008 151002s2014 000
082 |a 951.33 
100 |a Trương Thị Na 
245 |a Đặc điểm ngôn ngữ văn bản một số luật kinh tế tiếng Hán và ứng dụng trong dịch sang Tiếng Việt.  |c Trương Thị Na 
260 |c 2014 
OWN |a LNN 
AVA |a UDN50  |b LNN  |d 951.33  |e available  |t Error 5001 Not defined in file expand_doc_bib_avail.  |f 1  |g 0  |h N  |i 0  |k 1 
999 |a From the UDN01 
AVA |a UDN50  |b LNN  |d 951.33  |e available  |t Error 5001 Not defined in file expand_doc_bib_avail.  |f 1  |g 0  |h N  |i 0  |k 1 
TYP |a Printed language 
980 |a Mạng thư viện Đại học Đà Nẵng